000 00792cam a2200265 a 4500
001 000003831
003 DO-SdBNP
005 20220921114512.0
007 ta
008 870820s1965 mx 001 f spa
040 _aDO-SdBNP
_bspa
_cBNPHU
082 4 _a813.54
_bC154e
_222
100 1 _aCalisher, Hortense,
_d1911-2009.
_911599
240 1 0 _aFalse entry.
_lEspañol
245 1 0 _aEntrada falsa /
_cHortense Calisher ; traductor Agustí Bartra.
260 _aMéxico :
_bJoaquín Mortiz,
_c1965.
300 _a[496] p. ;
_c21 cm.
534 _aTítulo original:
_tFalse entry.
590 _aInventariado, 2022 / DG
650 4 _aNovela estadounidense
_9262
650 4 _aLiteratura estadounidense
_9263
700 1 _aBartra, Agustí,
_etr.
_911600
910 _aDG
942 _2ddc
_cLBS1
999 _c3653
_d3653